00411nam a2200145 a 450000100100000000500170001000800410002702000150006804000250008308200130010810000270012124500550014826000410020330000210024400004306720201002040619.0140218s1989 nyu 000 0 spa d a0671667513 aDO-SdBNPbspacBNPHU axxxbxxx1 aWalsh, Michael,d1949-10aWho's Afraid of Classical Music? /cMichael Walsh. aNew York :bSimon & Schuster,c1989. a227 p. ;c22 cm.